| 000 | 02101cam a2200385 a 4500 | ||
|---|---|---|---|
| 001 | 14470375 | ||
| 005 | 20071002102205.0 | ||
| 008 | 060727s2007 flua bf 001 0 eng | ||
| 010 | _a2006024771 | ||
| 015 |
_aGBA692316 _2bnb |
||
| 016 | 7 |
_a013590100 _2Uk |
|
| 020 | _a9780824740696 (alk. paper) | ||
| 020 | _a0824740696 (alk. paper) | ||
| 035 | _a(OCoLC)ocm70884931 | ||
| 035 | _a(OCoLC)70884931 | ||
| 040 |
_aDLC _cDLC _dBAKER _dUKM _dC#P _dBTCTA _dYDXCP _dDLC |
||
| 050 | 0 | 0 |
_aTP318 _b.L388 2007 |
| 082 | 0 | 0 |
_a662.6 _222 _bLEE |
| 100 | 1 |
_aLee, Sunggyu. _94378 |
|
| 245 | 1 | 0 |
_aHandbook of Alternative Fuel Technologies / _cSunggyu Lee, James G. Speight, Sudarshan K. Loyalka. |
| 260 |
_aBoca Raton : _bCRC Press, _cc2007. |
||
| 300 |
_a552 p. : _bill. ; _c25 cm. |
||
| 504 | _aIncludes bibliographical references and index. | ||
| 505 | 0 | _aGlobal energy overview -- Gasification of coal -- Clean liquid fuels from coal -- Coal slurry fuel -- Liquid fuels from natural gas -- Resids -- Liquid fuels from oil sand -- Shale oil from oil shale -- Methanol synthesis from syngas -- Ethanol from corn -- Ethanol from lignocellulosics -- Energy from biomass conversion -- Energy generation from waste sources -- Geothermal energy -- Nuclear energy -- Fuel cells. | |
| 650 | 0 |
_aFuel _vHandbooks, manuals, etc. _94379 |
|
| 650 | 0 |
_aFuel switching _vHandbooks, manuals, etc. _94380 |
|
| 650 | 0 |
_aPower resources _vHandbooks, manuals, etc. _94381 |
|
| 700 | 1 |
_aSpeight, James G. _94382 |
|
| 700 | 1 |
_aLoyalka, Sudarshan K. _94383 |
|
| 856 | 4 | 1 |
_3Table of contents only _uhttp://www.loc.gov/catdir/toc/ecip0618/2006024771.html |
| 856 | 4 | 2 |
_3Publisher description _uhttp://www.loc.gov/catdir/enhancements/fy0729/2006024771-d.html |
| 942 |
_2ddc _cBB |
||
| 999 |
_c11445 _d11445 |
||